000 00760nas a2200229 i 4500
001 2270
003 ES-MaACL
005 20250718150800.0
008 950801c1945 gw | | 1 ||er d
080 _a430
245 0 0 _aSüddeutsche Zeitung
_b: Münchner neueste nachrichten aus politik, kultur, wirtschaft, sport.
260 _aMünchen :
_bSüddeutschen Verlag,
_c1945-
300 _a8 v. ;
_c52 cm.
310 _aDiaria (exc. domingos y festivos
362 0 _a1. Jahrg., Nr. 1 (6. Okt. 1945)-
500 _aDescripción basada en : n. 188 (19-7-1987.
650 1 4 _aPeriódicos
_915941
852 _aES-MaACL
_jHEM-GF-42
_dOlim: Hem-1815
_92309
_zExpurgado: 22-1-2025
866 0 _o(1987-88).
942 _2udc
_cPERIODICO
999 _c2270
_d2270